Представление документа в формате RUSMARC

ПолеНазваниеЗначение
  Тип записи a
  Библиографический уровень m
001 Контрольный номер UONB/MAIN/12b37f999c4141fc968cfb323eb12c64
005 Дата корректировки 20250416134127.3
010 Индекс ISBN __
d Цена 3 к.
9 Тираж 5000 экз.
100 Данные общей обработки __
a Данные общей обработки 20250416d1966 u y0rusy0189 ca
101 Язык документа 0_
a Язык текста rus
102 Страна публикации __
a Страна публикации RU
105 Кодированные данные (монография) __
a Кодированные данные (монография) a z 000yy
200 Заглавие и сведения об ответственности 1_
a Заглавие Специальные виды алмазного шлифования твердых сплавов
f Первые сведения об ответственности Г. В. Чайка, Л. Н. Кабановский, В. И. Хворостецкий
g Последующие сведения об ответственности под общ. ред. В. Н. Бакуля
g Последующие сведения об ответственности Госплан УССР, Укр. ордена Трудового Красного Знамени науч.-исслед. конструкторско-технол. ин-т синтет. сверхтвердых материалов и инструмента
203 Вид содержания и тип средства __
a Вид содержания Текст
b Характеристика содержания визуальный
c Тип средства непосредственный
210 Выходные данные 1_
a Место издания Киев
c Издательство Технiка
d Дата издания 1966
215 Физическое описание __
a Объем 20 с.
c Иллюстрации/тип воспроизводства ил., граф.
d Формат 17 см
606 Тематические рубрики 0_
a Основная рубрика Твердые сплавы
x Основная подрубрика Шлифование алмазное
610 Ключевые слова 0_
a Ключевые слова алмазное шлифование; твердые сплавы
675 Индекс УДК __
a Индекс УДК 6П4.670
686 Индексы других классификаций __
a Классификационный индекс 34
2 Код системы rubbk
700 Автор _1
a Фамилия Чайка
b Имя (инициалы) Г. В.
g Полное личное имя Геннадий Васильевич
701 Альтернативная интеллектуальная ответственность _1
a Фамилия Кабановский
b Имя (инициалы) Л. Н.
701 Альтернативная интеллектуальная ответственность _1
a Фамилия Хворостецкий
b Имя (инициалы) В. И.
702 Вторичная интеллектуальная ответственность _1
a Фамилия Бакуль
b Имя (инициалы) В. Н.
4 Код отношения 340
712 Наименование организации (Вторичная ответственность) 02
a Организация/ юрисдикция Госплан УССР
b Другие уровни Украинский научно-исследовательский конструкторско-технологический институт синтетических сверхтвердых материалов и инструмента
4 Код отношения 570
801 Источник записи _0
a Страна RU
b Организация Ульяновская ОНБ
c Дата составления 20250416
g Правила каталогизации RCR
801 Источник записи _1
a Страна RU
b Организация Ульяновская ОНБ
c Дата составления 20250416
g Правила каталогизации RCR
901 Тип документа __
t Тип документа m
909 Создатель записи __
a Создатель записи Полина
b Дата создания записи 20250416